[Event "Torroella de Montgri U2200 2nd"]
[Site "Torroella de Montgri"]
[Date "2019.09.08"]
[Round "7.8"]
[White "Morales Castaneda, Manuel"]
[Black "Moles Benali, Joan"]
[Result "1-0"]
[WhiteElo "1668"]
[BlackElo "1698"]
[PlyCount "49"]
[EventDate "2019.09.06"]
[EventType "swiss"]
[EventRounds "7"]
[EventCountry "ESP"]
[SourceTitle "EXT 2024"]
[Source "ChessBase"]
[SourceDate "2023.10.10"]
[SourceVersion "1"]
[SourceVersionDate "2023.10.10"]
[SourceQuality "1"]

1. d4 d5 2. c4 e6 3. Nc3 Nf6 4. Bg5 Be7 5. Nf3 c5 6. dxc5 dxc4 7. Qxd8+ Bxd8 8. 0-0-0 Na6 9. Ne5 Nxc5 10. Rxd8+ Kxd8 11. Nxf7+ Ke7 12. Nxh8 Bd7 13. e4 Kf8 14. Ng6+ hxg6 15. Bxc4 a6 16. Be3 Rc8 17. Bxc5+ Rxc5 18. Bb3 b5 19. Kb1 a5 20. Rc1 a4 21. Bd1 Rc7 22. a3 Ne8 23. e5 Rb7 24. Ne4 Nc7 25. Nc5 1-0

[Event "Girona-ch"]
[Site "Banyoles"]
[Date "2018.10.28"]
[Round "4"]
[White "Diaz Munoz, Sergi"]
[Black "Morales Castaneda, Manuel"]
[Result "1-0"]
[WhiteElo "1958"]
[BlackElo "1708"]
[PlyCount "99"]
[EventDate "2018.09.30"]
[EventType "swiss"]
[EventRounds "9"]
[EventCountry "ESP"]
[SourceTitle "CBM 187 Extra"]
[Source "ChessBase"]
[SourceDate "2018.11.04"]
[SourceVersion "1"]
[SourceVersionDate "2018.11.04"]
[SourceQuality "1"]

1. e4 c5 2. Nf3 d6 3. d4 cxd4 4. Nxd4 Nf6 5. Nc3 a6 6. f3 e5 7. Nb3 Be6 8. Be3 Be7 9. Qd2 0-0 10. 0-0-0 Nbd7 11. g4 b5 12. g5 b4 13. Nd5 Nxd5 14. exd5 Bf5 15. h4 a5 16. Bd3 Bxd3 17. Qxd3 a4 18. Nd2 Qa5 19. Ne4 b3 20. a3 bxc2 21. Kxc2 Rfc8+ 22. Kb1 Rab8 23. Rc1 Rxc1+ 24. Rxc1 g6 25. Bd2 Qb6 26. Bc3 Qb3 27. Ka1 Nb6 28. Rd1 Nc4 29. Qb1 Qb5 30. Bb4 Qb6 31. Qd3 Na5 32. Nc3 Nb3+ 33. Ka2 Nc5 34. Qe3 Qa6 35. Qe2 Qb7 36. Qc2 Na6 37. Qxa4 Nxb4+ 38. Qxb4 Qxb4 39. axb4 Rxb4 40. Ne4 Kg7 41. Ka3 Rb7 42. b4 Kf8 43. Rc1 Rb8 44. Rc6 Rd8 45. b5 Ke8 46. b6 Rb8 47. Kb4 Rb7 48. Kb5 Kd8 49. Ka6 Rb8 50. Ka7 1-0

[Event "Miquel Mas op 19th"]
[Site "Castell de Sant Ferran"]
[Date "2018.08.16"]
[Round "9"]
[White "Morales Castaneda, Manuel"]
[Black "Idoate Arrazurria, Ricardo"]
[Result "1-0"]
[WhiteElo "1697"]
[BlackElo "1431"]
[PlyCount "45"]
[EventDate "2018.08.09"]
[EventType "swiss"]
[EventRounds "9"]
[EventCountry "ESP"]
[SourceTitle "CBM 186 Extra"]
[Source "ChessBase"]
[SourceDate "2018.08.24"]
[SourceVersion "1"]
[SourceVersionDate "2018.08.24"]
[SourceQuality "1"]

1. d4 e6 2. c4 Nf6 3. Nf3 Bb4+ 4. Bd2 Bxd2+ 5. Qxd2 0-0 6. Nc3 d6 7. e4 Nc6 8. Rd1 Re8 9. Be2 a6 10. 0-0 d5 11. e5 Nd7 12. cxd5 exd5 13. Bd3 Nb6 14. Qf4 h6 15. Rfe1 Nb4 16. Bb1 Nc4 17. a3 Nc6 18. Re2 N6a5 19. Rde1 Qe7 20. h3 b5 21. Nxd5 Qd7 22. Qe4 Bb7 23. Qh7+ 1-0

[Event "Miquel Mas op 19th"]
[Site "Castell de Sant Ferran"]
[Date "2018.08.15"]
[Round "8"]
[White "Pau Plana, Albert"]
[Black "Morales Castaneda, Manuel"]
[Result "1-0"]
[WhiteElo "2013"]
[BlackElo "1697"]
[PlyCount "67"]
[EventDate "2018.08.09"]
[EventType "swiss"]
[EventRounds "9"]
[EventCountry "ESP"]
[SourceTitle "CBM 186 Extra"]
[Source "ChessBase"]
[SourceDate "2018.08.24"]
[SourceVersion "1"]
[SourceVersionDate "2018.08.24"]
[SourceQuality "1"]

1. d4 Nf6 2. c4 g6 3. Nc3 Bg7 4. e4 d6 5. h3 0-0 6. Bg5 h6 7. Be3 Nbd7 8. Nf3 e5 9. dxe5 dxe5 10. Qd2 Kh7 11. g4 Ng8 12. 0-0-0 c6 13. h4 f6 14. g5 h5 15. gxf6 Qxf6 16. Ng5+ Kh8 17. c5 b5 18. Bh3 Nb8 19. Bxc8 Rxc8 20. Qd6 Bf8 21. Qxe5 Qxe5 22. Nf7+ Kh7 23. Nxe5 Na6 24. Rd7+ Ne7 25. Rhd1 Nb8 26. Rd8 Na6 27. Rxc8 Rxc8 28. Rd7 Re8 29. Nxc6 Nb8 30. Nxb8 Rxb8 31. Nd5 Kg7 32. Nxe7 a5 33. c6 g5 34. c7 1-0

[Event "Palafrugell Gelpi Memorial 30th"]
[Site "Palafrugell"]
[Date "2017.09.30"]
[Round "2"]
[White "Parals Marce, Luis"]
[Black "Morales Castaneda, Manuel"]
[Result "1-0"]
[WhiteElo "2061"]
[BlackElo "1596"]
[PlyCount "97"]
[EventDate "2017.09.23"]
[EventType "swiss"]
[EventRounds "9"]
[EventCountry "ESP"]
[SourceTitle "CBM 187 Extra"]
[Source "ChessBase"]
[SourceDate "2018.11.04"]
[SourceVersion "1"]
[SourceVersionDate "2018.11.04"]
[SourceQuality "1"]

1. Nf3 Nf6 2. g3 g6 3. b3 Bg7 4. Bb2 d6 5. Bg2 0-0 6. d4 c6 7. 0-0 Qc7 8. Nbd2 d5 9. c4 Re8 10. Rc1 Qd8 11. h3 Bh6 12. e3 Be6 13. g4 Bg7 14. Ne5 h6 15. f4 Bc8 16. Qc2 e6 17. g5 Nh7 18. h4 h5 19. Ndf3 Nf8 20. b4 Nbd7 21. c5 a6 22. Bc3 Nb8 23. a4 Bd7 24. Nd2 Bc8 25. Rf2 Nbd7 26. Bf1 Nxe5 27. fxe5 Bd7 28. Bd3 Re7 29. Nf1 Be8 30. Ng3 Rd7 31. Ne2 Re7 32. Nf4 Rd7 33. Rcf1 Qc7 34. Qe2 Re7 35. e4 dxe4 36. Bxe4 Rd8 37. Nd3 Qd7 38. Nb2 Qc7 39. Nc4 Rb8 40. a5 Rd8 41. Nd6 Rdd7 42. Bd3 Rd8 43. Ne4 Nh7 44. Nf6+ Bxf6 45. gxf6 Red7 46. Qe3 Nxf6 47. exf6 Kh7 48. Bd2 Kg8 49. Qh6 1-0

[Event "Pont Major Gerunda op 1st"]
[Site "Pont Major"]
[Date "2016.04.08"]
[Round "1"]
[White "Morales Castaneda, Manuel"]
[Black "Carrasco Holgado, David"]
[Result "1/2-1/2"]
[WhiteElo "1548"]
[BlackElo "2066"]
[PlyCount "100"]
[EventDate "2016.04.08"]
[EventType "swiss"]
[EventRounds "9"]
[EventCountry "ESP"]
[SourceTitle "EXT 2017"]
[Source "ChessBase"]
[SourceDate "2016.10.25"]
[SourceVersion "1"]
[SourceVersionDate "2016.10.25"]
[SourceQuality "1"]

1. d4 d5 2. c4 c6 3. Nc3 Nf6 4. Nf3 e6 5. e3 Nbd7 6. Qc2 Bd6 7. cxd5 exd5 8. Bd3 0-0 9. 0-0 Re8 10. Re1 Nf8 11. e4 dxe4 12. Nxe4 Nxe4 13. Rxe4 Be6 14. Bg5 Qd7 15. Ree1 Ng6 16. Ne5 Qc7 17. Nxg6 hxg6 18. h3 Bd5 19. Be4 Qa5 20. Bd2 Bxe4 21. Rxe4 Qd5 22. Rxe8+ Rxe8 23. Bc3 Qc4 24. Qd1 Bc7 25. a3 Bb6 26. Rc1 Qd5 27. Qg4 Rd8 28. Re1 Qd6 29. Qe4 Bc7 30. Qe5 Qd7 31. Qe7 Bd6 32. Qxd7 Rxd7 33. Kf1 f5 34. g4 Kf7 35. Kg2 Bc7 36. Kf3 Bb6 37. Rd1 Rd5 38. Ke3 Kf6 39. f4 g5 40. fxg5+ Kxg5 41. gxf5 Rxf5 42. Rc1 Kf6 43. Ke4 Rd5 44. Rf1+ Ke6 45. Rg1 g5 46. Rg4 Bd8 47. Kd3 Bf6 48. Re4+ Kf7 49. Rg4 Kg6 50. Re4 c5 1/2-1/2